|
|
|
|
| LEADER |
00000nab a2200000 a 4500 |
| 001 |
vtls000643531 |
| 003 |
SK-MaSNL |
| 005 |
20260302184028.0 |
| 008 |
160322c1995 xo 0 slo |
| 015 |
|
|
|a SNBRA19rr/mm-uuuuu
|
| 035 |
|
|
|a CL0643670
|
| 040 |
|
|
|a SNKBUCL
|b slo
|c SNKBUCL
|e AACR2
|
| 041 |
0 |
|
|a slo
|
| 044 |
|
|
|a xo
|c SK
|
| 080 |
|
|
|a 32-051
|2 1981
|
| 080 |
|
|
|a 808.1-051
|2 1981
|
| 080 |
|
|
|a 801-051
|2 1981
|
| 080 |
|
|
|a 82:929:885.4
|2 1981
|
| 100 |
1 |
|
|a Vnuk, František,
|d 1926-
|4 aut
|9 207426
|
| 245 |
1 |
0 |
|a Vedecká činnosť Jozefa M. Kirschbauma v emigrácii
|c František Vnuk
|
| 300 |
|
|
|b Fotogr. 1
|
| 600 |
1 |
7 |
|a Kirschbaum, Jozef M.,
|d 1913-2001
|2 snkbucl
|9 213302
|
| 648 |
|
7 |
|a po 1945
|2 snkbucl
|9 276786
|
| 650 |
0 |
7 |
|a vedecká činnosť
|2 snkbucl
|9 66912
|
| 655 |
|
7 |
|a články zo zborníkov
|2 snkbucl
|9 166140
|
| 773 |
0 |
|
|z 8070903570
|t Jozef M. Kirschbaum osemdesiatročný (1913-1993)
|d Martin : Matica slovenská, 1995
|g S. 18-23
|
| 850 |
|
|
|a Slovenská národná knižnica v Martine
|a MTA001
|
| 852 |
|
|
|a SNK
|b KIS3GCP
|
| 958 |
|
|
|a BX
|
| 958 |
|
|
|a NX
|
| 958 |
|
|
|a SK
|
| 958 |
|
|
|a RK
|
| 958 |
|
|
|a RZB
|
| 999 |
|
|
|c 1423949
|d 1425879
|